000 00541nam a2200193 i 4500
001 39140
003 ES-MaACL
005 20230906155910.0
007 t|
008 030227s1964 sp ||||1| spa d
100 1 _aCampelo, Moisés María.
_934163
245 1 0 _aDios bajó al llano
_b: glosas evangélicas... /
_cMoisés María Campelo.
260 _aBarcelona :
_bEler,
_c[1964]
300 _a230 p. ;
_c19 cm.
490 1 _aEler ;
_v7
830 0 _aEler ;
_v7
_9181476
852 _aES-MaACL
_jC-26905
_bR.54678
999 _c39140
_d39140